[Event "World Corporate East A"]
[Site "Chess.com INT"]
[Date "2021.02.20"]
[Round "4.6"]
[White "Makropoulou, Marina"]
[Black "Bottino, Alexiei"]
[Result "1-0"]
[WhiteElo "2186"]
[BlackElo "2008"]
[PlyCount "103"]
[EventDate "2021.02.19"]
[EventType "team (rapid)"]
[EventRounds "7"]
[EventCountry "USA"]
[SourceTitle "EXT 2022"]
[Source "ChessBase"]
[SourceDate "2021.10.06"]
[SourceVersion "1"]
[SourceVersionDate "2021.10.06"]
[SourceQuality "1"]
[WhiteTeam "Ubitech"]
[BlackTeam "Amazon"]
[WhiteTeamCountry "GRE"]
[BlackTeamCountry "GER"]

1. e4 c5 2. Nf3 Nc6 3. Bb5 g6 4. c3 Nf6 5. Qe2 Bg7 6. 0-0 0-0 7. Re1 Qc7 8. d3 d6 9. h3 a6 10. Ba4 b5 11. Bc2 e5 12. Nbd2 h6 13. Nf1 Be6 14. Be3 Rab8 15. Qd2 Kh7 16. d4 cxd4 17. cxd4 exd4 18. Nxd4 Nxd4 19. Bxd4 Rbd8 20. Rac1 Qb7 21. b3 d5 22. e5 Ne4 23. Qe3 Qb8 24. f3 Bxe5 25. fxe4 Bf4 26. Qf2 Bxc1 27. Rxc1 dxe4 28. Qf6 Rg8 29. Bxe4 Qd6 30. Be5 Qb6+ 31. Kh1 Rde8 32. Rc7 Ref8 33. Kh2 a5 34. Rc6 Qd8 35. Qf3 Qe7 36. Bd6 Qd8 37. Bxf8 Rxf8 38. Rc1 a4 39. Rd1 Qc7+ 40. Kh1 axb3 41. axb3 Rd8 42. Rxd8 Qxd8 43. Ng3 Qd4 44. Kh2 Qb2 45. Bd5 Qe5 46. Bxe6 Qxe6 47. b4 Qc4 48. Qe4 Qc3 49. Qf4 Qc4 50. Qxc4 bxc4 51. b5 c3 52. Ne2 1-0

[Event "IRL-chT"]
[Site "Dublin"]
[Date "2016.04.24"]
[Round "4"]
[White "McLoughlin, Sean"]
[Black "Bottino, Alexiei"]
[Result "1/2-1/2"]
[WhiteElo "1666"]
[BlackElo "1955"]
[PlyCount "70"]
[EventDate "2016.04.23"]
[EventType "team-swiss"]
[EventRounds "4"]
[EventCountry "IRL"]
[SourceTitle "EXT 2023"]
[Source "ChessBase"]
[SourceDate "2022.10.05"]
[SourceVersion "1"]
[SourceVersionDate "2022.10.05"]
[SourceQuality "1"]

1. d4 e6 2. Nf3 f5 3. Bf4 Nf6 4. e3 b6 5. Be2 Bb7 6. 0-0 Be7 7. Nbd2 0-0 8. c4 d6 9. Ng5 Qd7 10. Bf3 d5 11. Be2 h6 12. Ngf3 Bd6 13. Be5 Nc6 14. cxd5 exd5 15. Rc1 Ne7 16. Bxd6 Qxd6 17. Ne5 c6 18. Bd3 Ne4 19. f3 Ng5 20. h4 Ne6 21. f4 c5 22. Ndf3 c4 23. Be2 b5 24. a3 a5 25. Qd2 Nc7 26. h5 Ne8 27. g4 Nf6 28. g5 Ne4 29. Qe1 hxg5 30. Nxg5 Nxg5 31. fxg5 Nc6 32. Ng6 Rf7 33. Nf4 Re8 34. Qg3 Rfe7 35. Rf3 Re4 1/2-1/2

[Event "Siracusa op 2nd"]
[Site "Siracusa"]
[Date "2007.09.05"]
[Round "4"]
[White "Russo, Alfio"]
[Black "Bottino, Alexiei"]
[Result "1-0"]
[WhiteElo "1928"]
[BlackElo "2030"]
[PlyCount "78"]
[EventDate "2007.09.02"]
[EventType "swiss"]
[EventRounds "9"]
[EventCountry "ITA"]
[SourceTitle "EXT 2010"]
[Source "ChessBase"]
[SourceDate "2010.11.25"]
[SourceVersion "1"]
[SourceVersionDate "2010.11.25"]
[SourceQuality "1"]

1. d4 d5 2. Nf3 c6 3. c4 e6 4. e3 Nf6 5. Bd3 Nbd7 6. 0-0 Be7 7. b3 0-0 8. Bb2 dxc4 9. bxc4 c5 10. Nbd2 b6 11. Qc2 Qc7 12. Ne5 Bb7 13. f4 cxd4 14. exd4 Rac8 15. Rae1 Rfd8 16. f5 Nxe5 17. dxe5 Bc5+ 18. Kh1 Ng4 19. fxe6 Rxd3 20. exf7+ Qxf7 21. Rxf7 Rh3 22. Nf1 Rh6 23. e6 Rg6 24. Re2 Bc6 25. h3 Nh6 26. Rxa7 Rf8 27. Ne3 Bxe3 28. Rxe3 Nf5 29. Rf3 Bxf3 30. gxf3 Ng3+ 31. Kg2 Ne4+ 32. Kh2 Nc5 33. Qxg6 hxg6 34. Rxg7+ Kh8 35. Rf7+ Kg8 36. Rg7+ Kh8 37. e7 Re8 38. Rxg6+ Kh7 39. Rg7+ Kh6 1-0

[Event "Siracusa op 2nd"]
[Site "Siracusa"]
[Date "2007.09.02"]
[Round "1"]
[White "Bottino, Alexiei"]
[Black "Cappello, Antonino"]
[Result "1-0"]
[WhiteElo "2030"]
[BlackElo "1613"]
[PlyCount "89"]
[EventDate "2007.09.02"]
[EventType "swiss"]
[EventRounds "9"]
[EventCountry "ITA"]
[SourceTitle "EXT 2010"]
[Source "ChessBase"]
[SourceDate "2010.11.25"]
[SourceVersion "1"]
[SourceVersionDate "2010.11.25"]
[SourceQuality "1"]

1. e4 g6 2. d4 Bg7 3. Nc3 e6 4. Be3 Ne7 5. h4 h6 6. g4 d6 7. Nge2 Nd7 8. Ng3 a6 9. Bg2 b6 10. e5 d5 11. Nce2 c5 12. c3 c4 13. f4 b5 14. f5 gxf5 15. gxf5 exf5 16. Nf4 Nb6 17. Qh5 Ra7 18. Bh3 0-0 19. Qf3 Ng6 20. Bxf5 Nxh4 21. Qh5 Nxf5 22. Nxf5 Bxf5 23. Qxf5 Qg5 24. Qxg5 hxg5 25. Nh5 f6 26. 0-0-0 Re7 27. Rhg1 Nd7 28. exf6 Nxf6 29. Nxf6+ Bxf6 30. Bxg5 Rg7 31. Bh6 Bg5+ 32. Rxg5 Rxg5 33. Bxg5 Rf5 34. Rg1 Kf7 35. Rg2 Ke6 36. Bh4 a5 37. Re2+ Kd6 38. Kd2 b4 39. Re5 bxc3+ 40. bxc3 Rxe5 41. dxe5+ Ke6 42. Bg3 a4 43. Ke3 Kd7 44. Kd4 Ke6 45. a3 1-0

[Event "Praia op 1st"]
[Site "Praia a Mare"]
[Date "2007.04.06"]
[Round "3"]
[White "Napoli, Nicolo"]
[Black "Bottino, Alexiei"]
[Result "1-0"]
[WhiteElo "2266"]
[BlackElo "2043"]
[PlyCount "83"]
[EventDate "2007.04.05"]
[EventType "swiss"]
[EventRounds "5"]
[EventCountry "ITA"]
[SourceTitle "EXT 2023"]
[Source "ChessBase"]
[SourceDate "2022.10.05"]
[SourceVersion "1"]
[SourceVersionDate "2022.10.05"]
[SourceQuality "1"]

1. e4 c5 2. c3 Nf6 3. e5 Nd5 4. d4 cxd4 5. Nf3 Nc6 6. cxd4 d6 7. Bc4 Nb6 8. Bb5 dxe5 9. Nxe5 Bd7 10. Nxd7 Qxd7 11. Nc3 e6 12. 0-0 Be7 13. Qg4 Kf8 14. Be3 h5 15. Qf3 h4 16. h3 g6 17. Rac1 Rh5 18. Rfd1 Rc8 19. Bd3 Kg7 20. Ne2 Nd5 21. Nf4 Nxf4 22. Qxf4 Nb4 23. Bc4 Rxc4 24. Rxc4 Bd6 25. Qf3 Nd5 26. Rdc1 Bb8 27. Rc8 Qd6 28. Qe4 Qh2+ 29. Kf1 Nxe3+ 30. fxe3 Rf5+ 31. Ke2 Bg3 32. Kd3 Bf2 33. Rd8 Rg5 34. Rd7 Qxg2 35. Qxg2 Rxg2 36. Rcc7 Bg1 37. Rxf7+ Kh6 38. Rf4 Rg3 39. Rxh4+ Kg5 40. Re4 Rxh3 41. Rxe6 Kf5 42. d5 1-0

[Event "Scalea Riviera dei Cedri 1st"]
[Site "Scalea"]
[Date "2006.09.17"]
[Round "7"]
[White "Forlano, Luigi"]
[Black "Bottino, Alexiei"]
[Result "1/2-1/2"]
[WhiteElo "2000"]
[BlackElo "2048"]
[PlyCount "55"]
[EventDate "2006.09.14"]
[EventType "swiss"]
[EventRounds "7"]
[EventCountry "ITA"]
[SourceTitle "EXT 2024"]
[Source "ChessBase"]
[SourceDate "2023.10.10"]
[SourceVersion "1"]
[SourceVersionDate "2023.10.10"]
[SourceQuality "1"]

1. Nf3 d5 2. c4 e6 3. g3 c6 4. b3 Nf6 5. Bg2 Bd6 6. Bb2 Nbd7 7. 0-0 0-0 8. d3 b6 9. Nbd2 Bb7 10. e4 dxe4 11. dxe4 e5 12. Qe2 Re8 13. Rad1 Qc7 14. Nh4 g6 15. Ndf3 Nc5 16. Ng5 h6 17. Nh3 Bc8 18. f3 Ne6 19. f4 Nd4 20. Bxd4 Bg4 21. Nf3 exd4 22. e5 Bc5 23. Rd3 Bf5 24. Nf2 Bxd3 25. Qxd3 Nh7 26. Nh4 h5 27. Nxg6 fxg6 28. Qxg6+ 1/2-1/2

[Event "ITA-ch sf g/5' 1st"]
[Site "Playchess.com INT"]
[Date "2006.02.25"]
[Round "10"]
[White "Riccio, Eros"]
[Black "Bottino, Alexiei"]
[Result "1-0"]
[WhiteElo "2175"]
[BlackElo "2048"]
[PlyCount "127"]
[EventDate "2006.02.25"]
[EventType "swiss (blitz)"]
[EventRounds "11"]
[EventCountry "ITA"]
[SourceTitle "CBM 111 Extra"]
[Source "ChessBase"]
[SourceDate "2006.05.09"]
[SourceVersion "1"]
[SourceVersionDate "2006.05.09"]
[SourceQuality "1"]

1. e4 c5 2. Nf3 Nc6 3. d4 cxd4 4. Nxd4 Nf6 5. Nc3 Qb6 6. Nb3 e6 7. Be3 Qc7 8. f3 a6 9. Qd2 h5 10. 0-0-0 d6 11. Kb1 Be7 12. Bd3 b5 13. h3 h4 14. Ne2 Ne5 15. Bf4 Bb7 16. Na5 Bc8 17. Rhf1 Rb8 18. g4 hxg3 19. Nxg3 b4 20. Nb3 a5 21. Nc1 a4 22. Bxe5 dxe5 23. Qe2 Bb7 24. Bb5+ Bc6 25. Bxc6+ Qxc6 26. Rh1 Rc8 27. Qd2 a3 28. b3 Qc3 29. Qxc3 Rxc3 30. Rd3 Rc8 31. Rd2 0-0 32. Nd3 Rfd8 33. Rhd1 Nd7 34. Nxb4 Bxb4 35. Rxd7 Rxd7 36. Rxd7 Kf8 37. c4 Ke8 38. Rd3 Ke7 39. Ne2 Rh8 40. f4 exf4 41. Nxf4 Rh4 42. Rf3 Bd6 43. Nd3 Rxe4 44. c5 Bc7 45. b4 Re2 46. b5 e5 47. b6 Bb8 48. c6 e4 49. c7 Bxc7 50. bxc7 Kd7 51. Rxf7+ Kc8 52. Nc5 Rb2+ 53. Kc1 e3 54. Ne6 e2 55. Rf8+ Kd7 56. c8Q+ Kd6 57. Qc5+ Kxe6 58. Qf5+ Kd6 59. Rd8+ Kc7 60. Qc8+ Kb6 61. Rd6+ Ka5 62. Qa6+ Kb4 63. Rd4+ Kc3 64. Qc4# 1-0

[Event "ITA-ch sf g/5' 1st"]
[Site "Playchess.com INT"]
[Date "2006.02.25"]
[Round "8"]
[White "Trumpf, Walter"]
[Black "Bottino, Alexiei"]
[Result "1-0"]
[WhiteElo "2049"]
[BlackElo "2048"]
[PlyCount "73"]
[EventDate "2006.02.25"]
[EventType "swiss (blitz)"]
[EventRounds "11"]
[EventCountry "ITA"]
[SourceTitle "CBM 111 Extra"]
[Source "ChessBase"]
[SourceDate "2006.05.09"]
[SourceVersion "1"]
[SourceVersionDate "2006.05.09"]
[SourceQuality "1"]

1. d4 Nf6 2. Nc3 d5 3. e4 dxe4 4. f3 exf3 5. Nxf3 c6 6. Bd3 g6 7. 0-0 Bg7 8. Qe1 0-0 9. Qh4 Qa5 10. Ng5 h6 11. Nge4 Qh5 12. Nxf6+ Bxf6 13. Qxh5 gxh5 14. Bxh6 Bg7 15. Be3 Rd8 16. Ne2 Bg4 17. c3 Nd7 18. h3 Be6 19. Nf4 Nf6 20. Nxe6 fxe6 21. Bg5 Nd5 22. Bc4 e5 23. Bxe7 Re8 24. Bc5 b6 25. Bd6 exd4 26. cxd4 Bxd4+ 27. Kh1 Kg7 28. Rf5 Ne3 29. Rf7+ Kg6 30. Bb3 c5 31. Rf3 Rad8 32. Bf7+ Kg7 33. Bxe8 Rxe8 34. Bg3 Bxb2 35. Re1 Bd4 36. Bf2 Re7 37. Bxe3 1-0

[Event "Campobasso op 11th"]
[Site "Campobasso"]
[Date "2004.07.11"]
[Round "6"]
[White "Bottino, Alexiei"]
[Black "Gagliardi, Pietro"]
[Result "1-0"]
[WhiteElo "2061"]
[BlackElo "2201"]
[PlyCount "103"]
[EventDate "2004.07.09"]
[EventType "swiss"]
[EventRounds "6"]
[EventCountry "ITA"]
[SourceTitle "EXT 2007"]
[Source "ChessBase"]
[SourceDate "2006.11.23"]
[SourceVersion "1"]
[SourceVersionDate "2006.11.23"]
[SourceQuality "1"]

1. d4 Nf6 2. c4 c5 3. d5 d6 4. Nc3 g6 5. e4 Bg7 6. Nf3 0-0 7. Be2 e6 8. 0-0 exd5 9. cxd5 Re8 10. Qc2 a6 11. a4 Bg4 12. a5 Nbd7 13. Re1 Qc7 14. Bd2 h6 15. Ra3 Kh7 16. Bf1 Bxf3 17. gxf3 Nh5 18. f4 Qd8 19. Ne2 Nhf6 20. Bg2 Ng8 21. Rh3 Rc8 22. Bc3 Bxc3 23. Qxc3 Qf6 24. Qxf6 Ngxf6 25. Re3 Rb8 26. Ng3 Kg7 27. h3 b6 28. e5 Ng8 29. e6 fxe6 30. dxe6 Ndf6 31. Rd3 d5 32. Bxd5 Nxd5 33. Rxd5 Nf6 34. Rd6 bxa5 35. Rxa6 Re7 36. Rxa5 Rxb2 37. Rxc5 Rb4 38. f5 g5 39. Rec1 h5 40. Rc7 Rb7 41. Rxe7+ Rxe7 42. Rc5 h4 43. Nf1 Ra7 44. Ne3 Ne4 45. Rd5 Nf6 46. Re5 Re7 47. Nd5 Nxd5 48. Rxd5 Kf6 49. Rd7 Rxd7 50. exd7 Ke7 51. Kg2 Kxd7 52. Kf3 1-0

[Event "Bratto op 23rd"]
[Site "Bratto"]
[Date "2003.08.21"]
[Round "1"]
[White "Bottino, Alexiei"]
[Black "Lucaroni, Massimiliano"]
[Result "0-1"]
[WhiteElo "2071"]
[BlackElo "2295"]
[PlyCount "68"]
[EventDate "2003.08.21"]
[EventType "swiss"]
[EventRounds "9"]
[EventCountry "ITA"]
[SourceTitle "EXT 2004"]
[Source "ChessBase"]
[SourceDate "2003.11.25"]
[SourceVersion "1"]
[SourceVersionDate "2003.11.25"]
[SourceQuality "1"]

1. d4 e6 2. Nf3 f5 3. g3 Nf6 4. Bg2 Be7 5. 0-0 0-0 6. b3 d6 7. Bb2 Qe8 8. Nbd2 Nc6 9. c4 Bd8 10. Re1 e5 11. d5 Nb8 12. e4 Qh5 13. exf5 Bxf5 14. Nh4 Bg4 15. f3 Bd7 16. Bh1 a5 17. Ng2 Na6 18. Ne3 c6 19. Bg2 Bb6 20. Ndf1 cxd5 21. cxd5 Bb5 22. Kh1 Nb4 23. Nc4 Bf2 24. Nxd6 Bxf1 25. Rxe5 Bxg2+ 26. Kxg2 Qg6 27. Qd2 Rad8 28. Nf5 Bc5 29. Qc3 Nfxd5 30. Qxc5 Rxf5 31. Qxa5 Nc6 32. Rxd5 Rfxd5 33. Qc3 Rd3 34. Qc4+ Qf7 0-1

[Event "Porto San Giorgio op 14th"]
[Site "Porto San Giorgio"]
[Date "2002.08.22"]
[Round "3"]
[White "Bottino, Alexiei"]
[Black "Voltolini, Giuseppe"]
[Result "1-0"]
[WhiteElo "2068"]
[BlackElo "2285"]
[PlyCount "83"]
[EventDate "2002.08.20"]
[EventType "swiss"]
[EventRounds "9"]
[EventCountry "ITA"]
[SourceTitle "CBM 089 Extra"]
[Source "ChessBase"]
[SourceDate "2002.09.10"]
[SourceVersion "2"]
[SourceVersionDate "2002.09.10"]
[SourceQuality "1"]

1. d4 d5 2. c4 c6 3. Nf3 Nf6 4. cxd5 cxd5 5. Nc3 Nc6 6. Bf4 Ne4 7. Rc1 Nxc3 8. bxc3 g6 9. e3 Bg7 10. Be2 0-0 11. 0-0 Bf5 12. c4 dxc4 13. Bxc4 Rc8 14. Qd2 e5 15. Bg5 Qa5 16. d5 Qxd2 17. Nxd2 Na5 18. Be7 Rfe8 19. d6 Bf8 20. Bb5 Nc6 21. Bxc6 bxc6 22. Bxf8 Kxf8 23. Nb3 Red8 24. Rfd1 Ke8 25. f3 Be6 26. Nc5 Kf8 27. e4 Bxa2 28. Ra1 Bc4 29. Rxa7 h5 30. h4 Be6 31. Rb7 Rb8 32. Rc7 Rb6 33. Rd2 Ra8 34. Kf2 Rd8 35. g3 Bh3 36. f4 exf4 37. gxf4 Bg4 38. f5 Kg8 39. fxg6 fxg6 40. Ke3 Rb4 41. Rxc6 Rf8 42. Rf2 1-0

[Event "Letojanni op 1st"]
[Site "Letojanni"]
[Date "2001.12.26"]
[Round "5"]
[White "Bottino, Alexiei"]
[Black "Rabovszky, Gyorgy"]
[Result "1/2-1/2"]
[WhiteElo "2101"]
[BlackElo "2070"]
[PlyCount "112"]
[EventDate "2001.12.22"]
[EventType "swiss"]
[EventRounds "9"]
[EventCountry "ITA"]
[SourceTitle "EXT 2007"]
[Source "ChessBase"]
[SourceDate "2006.11.23"]
[SourceVersion "1"]
[SourceVersionDate "2006.11.23"]
[SourceQuality "1"]

1. d4 Nf6 2. c4 e5 3. dxe5 Ne4 4. Nf3 Bb4+ 5. Nbd2 Nc6 6. a3 Nxd2 7. axb4 Nxc4 8. Bg5 f6 9. exf6 gxf6 10. Bh4 Qe7 11. Qb3 d5 12. b5 Qb4+ 13. Qxb4 Nxb4 14. Rc1 0-0 15. b3 Nd6 16. e3 c6 17. Nd4 Bd7 18. Bg3 Ne4 19. Bc7 Rfc8 20. Ba5 c5 21. Rxc5 Rxc5 22. Bxb4 Rc1+ 23. Ke2 Rac8 24. Kf3 Bg4+ 25. Kxg4 Nxf2+ 26. Kf5 Nxh1 27. Be2 Nf2 28. Kxf6 Ne4+ 29. Ke6 Nc3 30. Bh5 Rf8 31. Nf5 Rxf5 32. Kxf5 Nxb5 33. Ke5 b6 34. Kxd5 a5 35. Be7 Rc7 36. Ke6 Rc6+ 37. Kd7 Rc3 38. e4 Re3 39. Bd8 Rxe4 40. Bxb6 Nd4 41. Bd1 Re1 42. Bg4 Nxb3 43. Be6+ Rxe6 44. Kxe6 a4 45. Bc7 a3 46. Be5 a2 47. g4 a1Q 48. Bxa1 Nxa1 49. h4 Kg7 50. Kf5 Nc2 51. g5 Nd4+ 52. Kg4 Kg6 53. h5+ Kg7 54. Kf4 Ne2+ 55. Kf5 Ng3+ 56. Kg4 Ne4 1/2-1/2

[Event "Letojanni op 1st"]
[Site "Letojanni"]
[Date "2001.12.26"]
[Round "4"]
[White "Hocevar, Nikola"]
[Black "Bottino, Alexiei"]
[Result "1/2-1/2"]
[WhiteElo "2169"]
[BlackElo "2101"]
[PlyCount "88"]
[EventDate "2001.12.22"]
[EventType "swiss"]
[EventRounds "9"]
[EventCountry "ITA"]
[SourceTitle "EXT 2007"]
[Source "ChessBase"]
[SourceDate "2006.11.23"]
[SourceVersion "1"]
[SourceVersionDate "2006.11.23"]
[SourceQuality "1"]

1. c4 c5 2. Nf3 Nf6 3. d4 cxd4 4. Nxd4 e5 5. Nb5 d5 6. cxd5 Bc5 7. e3 0-0 8. N5c3 e4 9. Nd2 Bf5 10. Nb3 Bb4 11. Bd2 Bxc3 12. Bxc3 Nxd5 13. Bd4 Nc6 14. Be2 Nxd4 15. Nxd4 Qa5+ 16. Qd2 Qxd2+ 17. Kxd2 Bg6 18. Rhc1 Rfd8 19. Ke1 Rac8 20. a3 Kf8 21. Bg4 Rxc1+ 22. Rxc1 h5 23. Be2 Ke7 24. h4 Rd7 25. Rc5 b6 26. Rc8 f6 27. Rh8 Nf4 28. exf4 Rxd4 29. Bxh5 Bxh5 30. Rxh5 Ke6 31. Rb5 Rd3 32. Ke2 Kd6 33. Rb4 Kd5 34. h5 f5 35. Rb5+ Ke6 36. a4 Rd7 37. g4 fxg4 38. Re5+ Kf6 39. Rxe4 Rd5 40. b4 Rxh5 41. Re8 Rd5 42. Ra8 Rd4 43. Rxa7 Rxb4 44. Ke3 g5 1/2-1/2